<?xml version="1.0" encoding="UTF-8"?>
<record
    xmlns:xsi="http://www.w3.org/2001/XMLSchema-instance"
    xsi:schemaLocation="http://www.loc.gov/MARC21/slim http://www.loc.gov/standards/marcxml/schema/MARC21slim.xsd"
    xmlns="http://www.loc.gov/MARC21/slim">

  <leader>00851na  a2200253   4500</leader>
  <controlfield tag="001">24057</controlfield>
  <controlfield tag="003">MIRAKIL</controlfield>
  <controlfield tag="005">20181213155327.0</controlfield>
  <controlfield tag="008">180306b        tu            000 0      </controlfield>
  <datafield tag="020" ind1=" " ind2=" ">
    <subfield code="a">9751600510</subfield>
  </datafield>
  <datafield tag="040" ind1=" " ind2=" ">
    <subfield code="a">Milas</subfield>
    <subfield code="b">tur</subfield>
    <subfield code="c">TR-AnCHP</subfield>
  </datafield>
  <datafield tag="041" ind1=" " ind2=" ">
    <subfield code="a">tur</subfield>
  </datafield>
  <datafield tag="082" ind1=" " ind2=" ">
    <subfield code="a">956.92</subfield>
    <subfield code="b">A11l 1989</subfield>
  </datafield>
  <datafield tag="090" ind1=" " ind2=" ">
    <subfield code="a">956.92 A11l 1989</subfield>
  </datafield>
  <datafield tag="100" ind1=" " ind2=" ">
    <subfield code="a">Acar, &#x130;rfan C.</subfield>
  </datafield>
  <datafield tag="245" ind1=" " ind2=" ">
    <subfield code="a">L&#xFC;bnan bunal&#x131;m&#x131; ve Filistin sorunu</subfield>
    <subfield code="c">&#x130;rfan C. Acar</subfield>
  </datafield>
  <datafield tag="260" ind1=" " ind2=" ">
    <subfield code="a">Ankara</subfield>
    <subfield code="b">Atat&#xFC;rk K&#xFC;lt&#xFC;r Dil ve Tarih Y&#xFC;ksek Kurumu </subfield>
    <subfield code="c">1989</subfield>
    <subfield code="f">T&#xFC;rk Tarih Kurumu Bas&#x131;mevi</subfield>
  </datafield>
  <datafield tag="300" ind1=" " ind2=" ">
    <subfield code="a">155 s.</subfield>
    <subfield code="b">fot&#x11F;.</subfield>
    <subfield code="c">24 sm.</subfield>
  </datafield>
  <datafield tag="440" ind1=" " ind2=" ">
    <subfield code="a">Atat&#xFC;rk K&#xFC;lt&#xFC;r Dil ve Tarih Y&#xFC;ksek Kurumu T&#xFC;rk Tarih Kurumu yay&#x131;nlar&#x131;</subfield>
    <subfield code="v">xx&#x131;v. dizi- sa. 5</subfield>
  </datafield>
  <datafield tag="504" ind1=" " ind2=" ">
    <subfield code="a">Kaynak&#xE7;a ve dizin var.</subfield>
  </datafield>
  <datafield tag="650" ind1=" " ind2=" ">
    <subfield code="a">Ortado&#x11F;u</subfield>
    <subfield code="x">&#x130;srail- Arap ili&#x15F;kileri</subfield>
  </datafield>
  <datafield tag="650" ind1=" " ind2=" ">
    <subfield code="a">Siyaset ve y&#xF6;netim</subfield>
    <subfield code="z">Filistin</subfield>
  </datafield>
  <datafield tag="942" ind1=" " ind2=" ">
    <subfield code="2">ddc</subfield>
    <subfield code="c">BKS</subfield>
  </datafield>
  <datafield tag="952" ind1=" " ind2=" ">
    <subfield code="a">0001</subfield>
    <subfield code="b">0001</subfield>
    <subfield code="d">2018-03-06</subfield>
    <subfield code="e">2</subfield>
    <subfield code="l">0</subfield>
    <subfield code="o">956.92 A11l 1989</subfield>
    <subfield code="p">018082</subfield>
    <subfield code="r">2018-03-06 00:00:00</subfield>
    <subfield code="v">0.00</subfield>
    <subfield code="w">2018-03-06</subfield>
    <subfield code="y">BKS</subfield>
  </datafield>
  <datafield tag="999" ind1=" " ind2=" ">
    <subfield code="c">10592</subfield>
    <subfield code="d">10592</subfield>
  </datafield>
</record>
